| 000 | 00394nam a2200169Ia 4500 | ||
|---|---|---|---|
| 005 | 20250423095854.0 | ||
| 008 | 250422s9999 xx 000 0 und d | ||
| 020 | _a9780305297 | ||
| 050 | _aPR 9387 .AA33/ | ||
| 100 | _aAyayi, Samuel | ||
| 245 | 0 | _aIrebe my daughter and other stories | |
| 260 | _aIbadan | ||
| 260 | _bUniversity Press | ||
| 260 | _c2009 | ||
| 300 | _a53 p | ||
| 942 | _cBK | ||
| 999 |
_c31586 _d31586 |
||